00943nam a2200181Ia 450000500170000000800410001702000180005808200130007610000200008924500860010926000480019530000260024350000510026952002870032065000320060799900150063995201070065420250117103800.0250117s9999 xx 000 0 und d a9780691146782 a341.2KEN aKennedy, David. 2aA world of strugglebhow power, law, and expertise shape global political economy aPrincetonbPrinceton University Pressc2016 aix, 298 pages ; 24 cm aIncludes bibliographical references and index. aA World of Struggle reveals the role of expert knowledge in our political and economic life. As politicians, citizens, and experts engage one another on a technocratic terrain of irresolvable argument and uncertain knowledge, a world of astonishing inequality and injustice is born. aInternational organization. c5837d5837 00104070aU002bU002cAfricad2025-01-17l0o341.2KENpUR006455r2025-01-31 00:00:00w2025-01-17yBK